02167nam a2200229 i 4500003001000000005001700010007001500027008004100042040003500083100003700118245012000155264003200275300006000307336002700367337001600394338002300410502001000433520127100443700003801714700004101752856014401793CO-MdUADB20260213224156.0cr unu|||||a|a240614s2023 ck |||||om||| 00| 0 spa d aCO-MdUADBbspacCO-MdUADBerda aChica Medina, Angie Danielaeaut1 aCaracterización de las revelaciones de partes relacionadas. Una exploración en el sector financiero en Colombia aMedellín:bAutores,c2023 aRecurso en Línea (37 páginas)bArchivo de texto PDF 2rdacontentatextobtxt acomputadora arecurso en línea b60c93 aRESUMEN: El artículo tiene como objetivo analizar el cumplimiento de las revelaciones a los estados financieros, en este caso, las exigidas por la NIC-24 (partes relacionadas) para las empresas del sector financiero en Colombia en el año 2022. La metodología implementada para el desarrollo de este trabajo fue cualitativa descriptiva, aplicando un instrumento de análisis de documentos, basados en los estados financieros de las empresas, identificando variables que tienen incidencia significativa en el cumplimiento de las revelaciones, tales como tipo de entidad, antigüedad, número de empleados, firma de auditoría, nacionalidad, tamaño de cartera y dictamen del auditor. Entre los principales hallazgos se logra evidenciar que las empresas del sector financiero están cumpliendo en gran medida con lo que establece la norma, sin embargo, este trabajo es un llamado a los entes reguladores para que apliquen los mecanismos de supervisión y contribuyan a una total aplicación de las revelaciones sobre partes relacionadas en el sector financiero. Además, en los dictámenes de auditoría no se encontró ninguna salvedad en las opiniones a pesar de la importancia de las revelaciones faltantes en la información financiera analizada. aOsorio Restrepo, Sebastiáneaut1 aGuevara Sanabria, Jaime Albertoeths4 uhttps://bibliotecadigital.udea.edu.co/handle/10495/37344zCONSULTE TEXTO COMPLETO EN EL REPOSITORIO INSTITUCIONAL UNIVERSIDAD DE ANTIOQUIA